Slovenia Squad 2010 World Cup - Statistics

General Stats
  • This quiz has been taken 7 times
  • The average score is 8 of 23
Answer Stats
Role Name Club % Correct
DF Branko Ilić Lokomotiv Moscow
86%
GK Jasmin Handanović Mantova
86%
GK Samir Handanović Udinese
86%
MF Rene Krhin Internazionale
57%
MF Aleksander Radosavljević Larissa
43%
DF Bojan Jokić Chievo Verona
43%
DF Marko Šuler KAA Gent
43%
FW Milivoje Novaković FC Köln
43%
DF Mišo Brečko FC Köln
43%
MF Robert Koren West Bromwich Albion
43%
FW Zlatko Dedić Bochum
43%
MF Andraž Kirm Wisła Kraków
29%
DF Boštjan Cesar Grenoble
29%
Coach Matjaž Kek
29%
MF Valter Birsa Auxerre
29%
MF Andrej Komac Maccabi Tel Aviv
14%
FW Tim Matavž FC Groningen
14%
FW Zlatan Ljubijankić KAA Gent
14%
GK Aleksander Šeliga Sparta Rotterdam
0%
MID Dalibor Stevanović Vitesse
0%
DF Elvedin Džinić NK Maribor
0%
DF Matej Mavrič Rožič TuS Koblenz
0%
DF Suad Fileković NK Maribor
0%
No matching quizzes found
Score Distribution
Percent of People with Each Score
Percentile by Number Answered
Your Score History
You have not taken this quiz